000 01535cam a2200409Li 4500
001 94719
005 20230411090052.0
008 080409s2008 fr 000 0 fre d
035 _a(OCoLC)ocn470900791
040 _aBDF
_bfre
_cBDF
_dHLS
015 _a00829996
_2bnf
016 7 _aFRBNF412378100000004
_2FrPBN
020 _a9782738119957 (br)
020 _a2738119956 (br)
029 1 _aZWZ
_b123409551
035 _a(OCoLC)470900791
041 1 _afre
_heng
082 1 _a320.956 94092
_222
049 _aGRAL
100 1 _aBar-Zohar, Michael,
_d1938-....
_4aut
240 1 0 _aShimon Peres, the biography.
_lfrancais.
245 1 0 _aShimon Peres et l'histoire secréte d'Israèel /
_cMichel Bar-Zohar ; traduit de l'anglais (Etats-Unis) par Michel Bessieres.
260 _aParis :
_bO. Jacob,
_cimpr. 2008
_e(77-Courtry :
_fImpr. Sagim-Canale)
300 _a411 p.-[16] p. de pl. :
_bill., couv. ill. en coul. ;
_c24 cm.
500 _aNotes bibliogr. Index.
600 1 7 _aPeres, Shimon,
_d1923-....
_xBiographies.
_2ram
651 7 _aIsrael
_xPolitique et gouvernement
_y1948-....
_2ram
600 1 0 _aPeres, Shimon,
_d1923-
_vBiography
651 0 _aIsrael
_xPolitics and government
_y20th century
700 1 _aBessieres, Michel.
_4trl
856 4 2 _3Notice et cote du catalogue de la Bibliothéque nationale de France
_uhttp://catalogue.bnf.fr/ark:/12148/cb41237810s
886 1 _2intermrc
_a009
_ba--d---------------
886 2 _2intermrc
_a680
_b0-
_a920
_b920
942 _2lcc
_cbk
994 _aC0
_bDRFGD
946 _aJP
999 _c111936
_d111936